000 00687nam a2200253Ia 4500
003 OSt
005 20220912145240.0
006 a|||||r|||| 00| 0
007 ta
008 220909b |||||||| |||| 00| 0 eng d
024 _a71988
037 _cTextual
040 _aCSL
_beng
_cCSL
041 _aeng
082 _aG:7, L3.1
100 _aLobue Joseph Ed.
245 0 _aHumoral control of growth and differentiation
260 _aNew York
_bAcademic Press
_c1973
300 _axvi, 412p.
_ccm.
650 _aDevelopment
700 _a Gordon Albert S Ed.
942 _hG:7, L3.1
_cTEXL
_2CC
999 _c26881
_d26881